[Event "IRI-ch U16"]
[Site "Chess.com INT"]
[Date "2021.01.16"]
[Round "8"]
[White "Amini, Mohammadreza"]
[Black "Ghojehli, Amir Reza"]
[Result "1/2-1/2"]
[WhiteElo "1377"]
[BlackElo "1220"]
[PlyCount "51"]
[EventDate "2021.01.16"]
[EventType "swiss"]
[EventRounds "11"]
[EventCountry "IRI"]
[SourceTitle "EXT 2022"]
[Source "ChessBase"]
[SourceDate "2021.10.06"]
[SourceVersion "1"]
[SourceVersionDate "2021.10.06"]
[SourceQuality "1"]

1. d4 Nf6 2. Bg5 Ne4 3. Bf4 c5 4. f3 Qa5+ 5. c3 Nf6 6. Nd2 cxd4 7. cxd4 d5 8. e4 dxe4 9. Bc4 Bf5 10. Qb3 Qb6 11. Bxf7+ Kd8 12. fxe4 Qxb3 13. axb3 Nxe4 14. Bd5 Nxd2 15. Bxb7 Nxb3 16. Ra3 Nxd4 17. Bxa8 Nc2+ 18. Kd2 Nxa3 19. bxa3 Nd7 20. Nf3 e5 21. Bxe5 Bxa3 22. Ra1 Bb4+ 23. Bc3 Bxc3+ 24. Kxc3 Kc7 25. Rxa7+ Kb6 26. Ra2 1/2-1/2

[Event "IRI-ch U16"]
[Site "Chess.com INT"]
[Date "2021.01.16"]
[Round "10"]
[White "Biriya, Mohammadamin"]
[Black "Ghojehli, Amir Reza"]
[Result "1-0"]
[WhiteElo "1911"]
[BlackElo "1220"]
[PlyCount "67"]
[EventDate "2021.01.16"]
[EventType "swiss"]
[EventRounds "11"]
[EventCountry "IRI"]
[SourceTitle "EXT 2022"]
[Source "ChessBase"]
[SourceDate "2021.10.06"]
[SourceVersion "1"]
[SourceVersionDate "2021.10.06"]
[SourceQuality "1"]

1. d4 d5 2. Nf3 Nf6 3. Bf4 e6 4. e3 c5 5. c3 Bd6 6. Bg3 Qc7 7. Bxd6 Qxd6 8. Ne5 Nbd7 9. f4 0-0 10. Bd3 b6 11. Nd2 Bb7 12. Qf3 c4 13. Bc2 b5 14. g4 Ne8 15. g5 g6 16. h4 b4 17. a3 bxc3 18. bxc3 Ng7 19. h5 Nxe5 20. dxe5 Qc5 21. Qh3 gxh5 22. Ke2 Qa5 23. Rac1 d4 24. exd4 Bxh1 25. Qxh1 Qxa3 26. Ne4 Nf5 27. Nf6+ Kg7 28. Bxf5 Rh8 29. Nxh5+ Kf8 30. Qxa8+ Ke7 31. Qb7+ Kf8 32. Qc8+ Ke7 33. Qc7+ Kf8 34. Qd8# 1-0

[Event "IRI-ch U16"]
[Site "Chess.com INT"]
[Date "2021.01.16"]
[Round "7"]
[White "Ghojehli, Amir Reza"]
[Black "Cheshm Alous, Amir Mohammad"]
[Result "0-1"]
[WhiteElo "1220"]
[BlackElo "1553"]
[PlyCount "57"]
[EventDate "2021.01.16"]
[EventType "swiss"]
[EventRounds "11"]
[EventCountry "IRI"]
[SourceTitle "EXT 2022"]
[Source "ChessBase"]
[SourceDate "2021.10.06"]
[SourceVersion "1"]
[SourceVersionDate "2021.10.06"]
[SourceQuality "1"]

1. e4 e5 2. Nf3 d5 3. exd5 e4 4. Be2 exf3 5. Bxf3 Be7 6. d4 Nf6 7. Nc3 0-0 8. 0-0 h6 9. Bf4 Nbd7 10. Nb5 Bd6 11. Nxd6 cxd6 12. Bxd6 Re8 13. c4 Nb6 14. c5 Nbxd5 15. Qb3 Nc7 16. Rad1 Rb8 17. Qa4 a6 18. Qa5 b6 19. cxb6 Qxd6 20. bxc7 Rxb2 21. Qc3 Rxa2 22. Rfe1 Rxe1+ 23. Rxe1 Ra3 24. Qb2 Ra4 25. Qb8 Qd7 26. Bc6 Qe6 27. Rd1 Rxd4 28. Rf1 Kh7 29. Qb7 0-1